| 000 | 00543nam a2200181Ia 4500 | ||
|---|---|---|---|
| 008 | 240925s9999 xx 000 0 und d | ||
| 020 | _a9788130932491 | ||
| 082 | _a658.3124 PHI | ||
| 100 | _aPhilips, Patricia Pulliam | ||
| 245 | 0 | _aMeasuring The Success of Leadership Development: a step by step guide for measuring impact and calculating roi | |
| 250 | _a1st | ||
| 260 |
_aNew Delhi: _bViva Books _c,2017. |
||
| 300 |
_a235p. _bNA _fOriginal |
||
| 500 | _aIncludes Index | ||
| 600 | _aManagement | ||
| 650 | _aManagement | ||
| 942 | _cBK | ||
| 999 |
_c16176 _d16176 |
||